000 00313nam a2200133Ia 4500
008 240624s9999 xx 000 0 und d
041 _aeng
082 _a823 KAN
100 _aKANIGEL ROBERT
245 _aMAN WHO KNEW INFINITY
260 _c1991
_aLondon
_bAbacus
300 _a438 : p. : cm. ; 22
365 _cRS
999 _c21050
_d21050